[Event "Kirov-ch"]
[Site "Kirov"]
[Date "2019.04.09"]
[Round "6"]
[White "Popyvanov, Vyacheslav"]
[Black "Garipov, Zufar"]
[Result "1-0"]
[WhiteElo "1594"]
[BlackElo "1849"]
[PlyCount "119"]
[EventDate "2019.04.01"]
[EventType "swiss"]
[EventRounds "9"]
[EventCountry "RUS"]
[SourceTitle "CBM 190 Extra"]
[Source "ChessBase"]
[SourceDate "2019.07.15"]
[SourceVersion "1"]
[SourceVersionDate "2019.07.15"]
[SourceQuality "1"]

1. c4 e5 2. Nc3 Nf6 3. Nf3 d6 4. g3 Be7 5. Bg2 Nc6 6. 0-0 0-0 7. d3 Rb8 8. e4 Bd7 9. h3 h6 10. Be3 Nh7 11. Nd5 Ng5 12. Nxe7+ Qxe7 13. Nxg5 hxg5 14. Qh5 f6 15. f4 gxf4 16. gxf4 Qe8 17. Qh4 exf4 18. Qxf4 b6 19. d4 Nb4 20. Qg3 Nc2 21. Bh6 Qe7 22. Rad1 Nb4 23. a3 Nc6 24. e5 dxe5 25. dxe5 Nxe5 26. Rfe1 Be6 27. Bf4 Rbd8 28. Rxd8 Rxd8 29. Bxe5 Qc5+ 30. Kh1 fxe5 31. Qg5 Rf8 32. Rxe5 Qxc4 33. Rxe6 Qc2 34. Rg6 Qb1+ 35. Kh2 Qxb2 36. Qd5+ Kh8 37. Rg3 Qf2 38. Qg5 Rf7 39. Qh5+ Kg8 40. Rf3 Rxf3 41. Qxf3 Qc2 42. Qd5+ Kf8 43. Qd8+ Kf7 44. Qd5+ Kf8 45. Kg3 c5 46. Qa8+ Ke7 47. Qxa7+ Kf8 48. Qb8+ Ke7 49. Qc7+ Kf8 50. Qd6+ Kg8 51. Qd8+ Kf7 52. Bd5+ Kg6 53. Qe8+ Kh6 54. Qe3+ g5 55. Qe6+ Kg7 56. Qe5+ Kh6 57. Qf6+ Kh7 58. Qf7+ Kh6 59. Qf8+ Kh7 60. Bg8+ 1-0

[Event "Kirov-ch"]
[Site "Kirov"]
[Date "2019.04.03"]
[Round "3"]
[White "Salakhutdinov, Danil"]
[Black "Garipov, Zufar"]
[Result "1-0"]
[WhiteElo "1752"]
[BlackElo "1849"]
[PlyCount "49"]
[EventDate "2019.04.01"]
[EventType "swiss"]
[EventRounds "9"]
[EventCountry "RUS"]
[SourceTitle "CBM 190 Extra"]
[Source "ChessBase"]
[SourceDate "2019.07.15"]
[SourceVersion "1"]
[SourceVersionDate "2019.07.15"]
[SourceQuality "1"]

1. e4 g6 2. f4 Bg7 3. Nf3 c6 4. d4 e6 5. e5 d5 6. Bd3 Nd7 7. c3 c5 8. 0-0 c4 9. Bc2 Ne7 10. b3 cxb3 11. axb3 0-0 12. Ng5 h6 13. Nh3 Nb6 14. Rf3 Bd7 15. Nf2 Be8 16. Rh3 Kh7 17. g4 Rh8 18. Qf3 Bd7 19. g5 h5 20. Rxh5+ Kg8 21. Rxh8+ Bxh8 22. Ng4 Nf5 23. Ba3 Rc8 24. Bxf5 exf5 25. Nf6+ 1-0